000 01557nam a2200277 a 4500
001 000001845
005 20200929145728.0
008 090629s2001 dr a 001 0 spa d
020 _a9993484709
040 _aDO-SdBNP
_bspa
_cBNPHU
082 _a304.8729307294
_bM433a
100 1 _aMatías, Bernardo.
_96004
245 1 0 _aAportes de la cultura haitiana en la frontera dominicana :
_bestudio exploratorio /
_cBernardo Matías.
260 _aSanto Domingo :
_bHelvetas,
_c2001.
300 _a67 p. :
_bil. ;
_c22 cm.
500 _aIncluye índice
500 _aInluye datos biográficos del autor.
500 _aIncluye referencias bibliográficas y notas al pie de las páginas
504 _aBibliografía : p. 61-62
505 0 _aPresentación -- Introducción, objetivos y metodología del estudio-- Movimientos migratorios haitianos en la frontera -- Cultura del trabajo y del mercado-- Sincretismo, lenguaje y simbolismo religiosos-- Estructura familiar y relaciones de parentesco en la frontera -- Influencia haitiana en el idioma criollo dominicano de la frontera -- Percepción del dominicano frente a la cultura haitiana en la frontera : Dual y contradictoria -- Conclusión-- Bibliografía consultada -- Anexos.
650 4 _aMulticulturalismo
_zRepública Dominicana.
_96005
651 4 _aRepública Dominicana
_xRelaciones Exteriores.
_92258
651 4 _aHaití
_xEmigración E Inmigración
_zRepública Dominicana.
_95922
651 4 _aRepública Dominicana
_xEmigración E Inmigración
_zHaití.
_95923
910 _aJornada de catalogación
999 _c1722
_d1722